000 00436nam a2200145Ia 4500
003 OSt
005 20260119112114.0
008 211028s2013 xx 000 0 und d
040 _cAIMIT LIBRARY
041 _aeng
100 _aFayak, Mohammed; Cyriac, Ann.
_g1116096
_97039
245 _aStudy on competitve analysis of bajaj pulsar supreme auto dealers pvt its Mangalore/
260 _aMangalore
_bAnn Cyriac
_c2013
942 _2ddc
_cPRO
999 _c218609
_d218609